LEADER 01135cam0-22003971i-450 001 990007787020403321 005 20180511150206.0 010 $a88-14-08737-7 035 $a000778702 035 $aFED01000778702 035 $a(Aleph)000778702FED01 035 $a000778702 100 $a20030814d2001----km-y0itay50------ba 101 0 $aita 102 $aIT 105 $ay-------001yy 200 1 $aAttività d'impresa e formazione del contratto$fGiovanni Capo 210 $aMilano$cGiuffrè$d2001 215 $aXV, 241 p.$d24 cm 225 1 $aQuaderni di Giurisprudenza commerciale$v224 610 0 $aIMPRESA e imprenditore 610 0 $aCONTRATTO - formazione del 676 $a346.065$v21$zita 676 $a346.02$v23$zita 700 1$aCapo,$bGiovanni$0241169 801 0$aIT$bUNINA$gRICA$2UNIMARC 901 $aBK 912 $a990007787020403321 952 $aVIII G 244 (224)$b44752*$fFGBC 952 $a16 AA 443$b11992$fDDCP 952 $aDPR 12/82-224$b19086$fDEC 959 $aFGBC 959 $aDDCP 959 $aDEC 996 $aAttività d'impresa e formazione del contratto$9662797 997 $aUNINA LEADER 04839nam 22004213 450 001 9910587597903321 005 20241018175230.0 010 $a9789878131214$b(electronic bk.) 035 $a(MiAaPQ)EBC7070909 035 $a(Au-PeEL)EBL7070909 035 $a(CKB)24730744000041 035 $a(Exl-AI)7070909 035 $a(OCoLC)1340958358 035 $a(EXLCZ)9924730744000041 100 $a20220824d2022 uy 0 101 0 $aspa 135 $aurcnu|||||||| 181 $ctxt$2rdacontent 182 $cc$2rdamedia 183 $acr$2rdacarrier 200 10$aHorizontes Convergentes I $eAportes Transdisciplinarios Al Estudio Del Ecosistema de la Marginación Cultural 205 $a1st ed. 210 1$aBuenos Aires :$cConsejo Latinoamericano de Ciencias Sociales,$d2022. 210 4$d©2022. 215 $a1 online resource (474 pages) 311 08$aPrint version: Valle, Carlos del Horizontes Convergentes I Buenos Aires : Consejo Latinoamericano de Ciencias Sociales,c2022 327 $aPRÓLOGO -- INTRODUCCIÓN -- SECCIÓN I CONCEPTUALIZAR -- LA ANTROPOLOGÍA INTERCULTURAL PARAUNA ESTÉTICA TRANSCULTURAL -- ECONOMÍAS TERRITORIALIZADAS PARA LAVIDA. RESPUESTAS A LA PRECARIZACIÓNNEOLIBERAL EN EL CHILE DEL SIGLO XXI -- SOCIEDAD NEOLIBERAL Y LA ECONOMÍADE LA MARGINACIÓN: EL CASO DE LOSCOLECTIVOS LGBTQ+Marianela Denegri-Coria, Francisca Silva-Layera yFelipe Quintano-Méndez -- MEMORIA Y MIGRACIÓN EN ITALIA: LAHISTORIA COMO MEDIO EN CONTRA DELA EXCLUSIÓN -- DISCRIMINACIÓN Y RACISMO ENPROCESOS DE CONSTRUCCIÓNIDENTITARIA ENADOLESCENTESMIGRANTES EN LA REGIÓN DELA ARAUCANÍA, CHILE -- QUÉ, CÓMO Y DÓNDE: LAS FORMAS DEVIOLENCIA (META)SIMBÓLICA DEGÉNERO EN LAS EXPERIENCIAS JUVENILESDEL CHILE AUSTRAL -- SECCIÓN II CASOS DE ESTUDIO -- DESAFÍOS DE LA COMUNICACIÓN DIGITALEN TIEMPOS DE COVID. FAKE NEWS Y ELDISCURSO DEL ODIO EN SECTORESVULNERABLES DE ARGENTINA -- BIOPOLÍTICAS DE ENCIERRO YCONFINAMIENTO: REPRESENTACIONESMEDIÁTICAS Y PERSPECTIVAS DE ACTORESSOCIALES SOBRE COVID-19 EN LASCÁRCELES CHILENAS -- REPRESENTACIÓN MEDIÁTICA DELINMIGRANTE HAITIANO EN LA PRENSACHILENA: EL CASO DEL DIARIO LA TERCERA -- MIGRACIÓN EMERGENTE EN TIEMPOS DEPANDEMIA EN CHILE. ANÁLISIS CRÍTICO DELA COBERTURA MEDIÁTICA -- USOS POLÍTICOS Y MEDIÁTICOS DE LASDEMANDAS INDÍGENAS EN LAS PROVINCIASDE SALTA Y CHACO (ARGENTINA) -- TRAYECTORIAS MIGRANTES,CULTURALESY SENTIMIENTOS DE PROGRESOEN EL FENÓMENO INMIGRATORIOVENEZOLANO EN EL PERÚ -- LA UNIVERSIDAD COMO HOLGRAMAPOLÍTICO DEL MERCADO. O ¿CÓMOCONTRIBUYE LA UNIVERSIDADA LA PERPETUACIÓN DE LAEXCLUSIÓN SOCIAL? -- SECCIÓN IIIACTUAR -- NO SER FEMENINO NI SER GAY.MASCULINIDADES UNIVERSITARIAS EN LACIUDAD DEL VALDIVIA -- HORIZONTES DIVERSOS EN CONVERGENCIA:VALDIVERSA Y UNIVERSIDAD AUSTRAL,TRABAJO COLABORATIVO PARA UN PLANDE ACCIÓN CON ENFOQUE EN LADIVERSIDAD AFECTIVO-SEXUAL -- PARADOJAS Y SENTIDOS ENTRE EDUACIÓNY CÁRCEL. EXPERIENCIAS DE PROFESORESCHILENOS/AS -- SALUD Y CULTURA EN EL TERRITORIOLAFKENCHE, CORRELATO DE UN PLAN DEDESARROLLO TERRITORIAL 2003-2020 -- DE LA RESISTENCIA A LA OFENSIVAEN EL DISCURSO DEL MOVIMIENTOMAPUCHE EN CHILE -- SECCIÓN IV VOCES -- DE IGUALDADES Y DIFERENCIAS:LA EDUCACIÓN ESPECIAL COMOCONTROL BIOPOLÍTICO -- RACISMOS Y RESISTENCIAS EN EL PUEBLOAFROCOLOMBIANO, VIRGELINA CHARÁ YSU TRAYECTORIA DE REBELDÍAS -- JUANA CUANTE CATALÁN, LONKO,AUTORIDAD ANCESTRAL MAPUCHE:?¡LA LUCHA ES BELLA! ¡LA LIBERTADES BELLA! ¡HAY QUE ATREVERSE ADESCOLONIZARSE!? -- ANA LLAO, WERKÉN MAPUCHE: ?YA SETERMINÓ EL PAÍS INTERCULTURAL?Por Ana Llao y Carlos del Valle -- WALLMAPU. SU CENTRALIDAD EN ELCOMBATE POLÍTICO MAPUCHE -- SOBRE LOS AUTORES Y LAS AUTORAS$7Generated by AI. 330 $aThis book examines the cultural marginalization ecosystem, exploring themes of connectivity, digital culture, public policy, and education in the Global South. Edited by Carlos del Valle and others, it addresses issues such as intercultural anthropology, neoliberal precarity, LGBTQ+ marginalization, media representation of migration, and the impact of COVID-19 on vulnerable communities. The work aims to provide insights into the socio-political and economic challenges faced by marginalized groups in Latin America, highlighting the intersection of culture, politics, and communication. The intended audience includes scholars, policymakers, and those interested in social sciences and cultural studies.$7Generated by AI. 606 $aMarginality, Social$7Generated by AI 607 $aLatin America$7Generated by AI 615 0$aMarginality, Social 700 $aValle$b Carlos del$0163396 801 0$bMiAaPQ 801 1$bMiAaPQ 801 2$bMiAaPQ 912 $a9910587597903321 996 $aHorizontes Convergentes I$92907205 997 $aUNINA